| 000 | 00605nam a2200193 a 4500 | ||
|---|---|---|---|
| 005 | 20231124063625.0 | ||
| 008 | 070122s2004 mx r 000 0 spa d | ||
| 020 | _a9682325390 | ||
| 035 | _aUPN01000148770 | ||
| 049 | _aCG | ||
| 050 | 4 |
_aF1221 C6 _bL3.7 |
|
| 100 | 1 |
_aLabastida, Jaime, _d1939- _928849 |
|
| 245 | 1 | 3 |
_aLa semana santa Cora / _cJaime Labastida ; il. de Felipe de la Torre. |
| 260 |
_aMéxico : _bSiglo XXI, _c2004. |
||
| 300 |
_a[47] p. : _bil. col. |
||
| 650 | 4 |
_aCORAS - _xVIDA SOCIAL Y COSTUMBRES _912438 |
|
| 650 | 4 |
_aIndígenas de México _xRitos y ceremonias _98538 |
|
| 905 | _aLibro | ||
| 999 |
_c120911 _d120911 |
||